Рабочий класс в развитии дружбы народов СССР

Detalles Bibliográficos
Autor Corporativo: Академия наук Украинской ССР (АН УССР) Институт истории
Outros autores: Симоненко Р. Г. Рэм Георгиевич (редактор), Сарбей В. Г. Виталий Григорьевич, Бузало В. И. Виктор Иосифович, Бауман Ю. А.
Summary:Исключено из фонда НТБ ТПУ
Idioma:ruso
Publicado: Киев, Наукова думка, 1988
Formato: MixedMaterials Libro
KOHA link:https://koha.lib.tpu.ru/cgi-bin/koha/opac-detail.pl?biblionumber=264011

MARC

LEADER 00000nam0a2200000 4500
001 264011
005 20231031222653.0
010 |a 5120001149 
020 |a RU  |b 88-71242 
035 |a (RuTPU)RU\TPU\book\287002 
090 |a 264011 
100 |a 20140616d1988 k y0rusy5003 ca 
101 0 |a rus 
102 |a UA 
105 |a y z 001zy 
200 1 |a Рабочий класс в развитии дружбы народов СССР  |f Р. Г. Симоненко [и др.]  |g Академия наук Украинской ССР (АН УССР), Институт истории ; под ред. Р. Г. Симоненко 
210 |a Киев  |c Наукова думка  |d 1988 
215 |a 270,[2] с. 
333 |a Исключено из фонда НТБ ТПУ 
701 1 |a Симоненко  |b Р. Г.  |g Рэм Георгиевич 
701 1 |a Сарбей  |b В. Г.  |g Виталий Григорьевич 
701 1 |a Бузало  |b В. И.  |g Виктор Иосифович 
701 1 |a Бауман  |b Ю. А. 
702 1 |a Симоненко  |b Р. Г.  |g Рэм Георгиевич  |4 340 
712 0 2 |a Академия наук Украинской ССР (АН УССР)  |b Институт истории  |c (Киев) 
801 0 |a RU  |b RuMRKP  |c 19960705  |g psbo 
801 1 |a RU  |b 63413507  |c 20140616 
801 2 |a RU  |b 63413507  |c 20220413  |g RCR 
942 |c BK